| 000 | 01084nam a2200313 i 4500 | ||
|---|---|---|---|
| 001 | 198462 | ||
| 003 | ES-MaACL | ||
| 005 | 20260617185358.0 | ||
| 007 | ta | ||
| 008 | 260617s2026 ag a|||| |||| 00| 0 spa d | ||
| 020 | _a978-631-90593-9-7 | ||
| 040 |
_aES-MaACL _bspa _cES-MaACL _erda |
||
| 044 | _aag | ||
| 100 | 1 |
_aMauriño, Melisa _4aut _9243221 _eaut |
|
| 245 | 1 | 0 |
_aAutsider : _b[reflexiones autobiográficas de una poeta autista] / _cMelisa Mauriño |
| 264 | 1 |
_aNeuquén : _bTanta Ceniza, _c2026 |
|
| 300 |
_a68 páginas : _bilustraciones (blanco y negro) ; _c20 cm |
||
| 336 |
_2rdacontent _aTexto |
||
| 337 |
_2rdamedia _asin mediación |
||
| 338 |
_2rdacarrier _avolumen |
||
| 490 | 0 |
_aPiel de las arenas ; _v15 |
|
| 500 | _aRegistro provisional | ||
| 500 | _aEjemplar firmado y dedicado por la autora | ||
| 655 | 4 |
_aPoesías _9176539 |
|
| 852 |
_aES-MaACL _cDES _jDB-235 _gDedicatoria autógrafa de la autora _xEncuadernación rústica _9207492 |
||
| 942 |
_cMONOGRAFIA _n0 |
||
| 999 |
_c198462 _d198462 |
||